00669nam a22002297a 4500003000200000005001700002008000200019010001300021020002300034035002300057037001600080040001500096082001600111100002100127245006200148260003800210270003900248300002300287500005000310650003100360650004800391020180729105247.00 aB-129538 c220.00a8171102500 aB-129538, B-129539 bCen Lib/Ret aDPLbENc0 a238.33bMAL aMalhotra, Shanta aPolitical thought of Swami Dayanand /cby Shanta Malhotra aDelhibParimal Publicationsc2004 a27/28, Shakti NagarbDelhie110007 axvi197p.c22cm(Hb) aIncludes bibliographical references and index aPolitical and social views aDayananda Sarasvati, -- Swami, -- 1824-1883